00421nam a2200157Ia 45000010006000000050017000060080041000230410008000640820022000721000034000942450103001282600009002313000007002406500008002476540008002551855920260306171639.0260306s9999||||xx |||||||||||||| ||und|| aESP a658.408bS29 2012 aSchwalb, María MatildeeAUT 0aResponsabilidad social:bfundamentos para la competitividad empresarial y el desarrollo sostenible c2012 ac aGEN aCAN